Celebrity Mad Gab Quiz Stats

 Plays Quiz not verified by Sporcle

Challenge
Share
Tweet
Embed
Score 0/20 Timer 06:00
0 Plays Today
Mad Gab Celebrity % Correct
PULSE I AM ONPaul Simon
80.2%
BRIGHT AND EATS PEARSBritney Spears
77.8%
PALM A LA END OR SUNPamela Anderson
74%
AND JELLY AN AGE OWE LEEAngelina Jolie
71.6%
BEYOND SAY NO OWLSBeyonce Knowles
69.6%
WE'LL FARE ALLWill Ferrell
67.4%
PALM ACHE ARE THE KNEEPaul McCartney
64.4%
JUST ACHE ACE IMP SUNJessica Simpson
64.3%
HAIRY SAND FORTHarrison Ford
59.9%
NIKE OWE LESS GAUGENicolas Cage
59.4%
Mad Gab Celebrity % Correct
PEER SUB ROSE NAANPierce Brosnan
58.2%
LINE SILO ANNELindsay Lohan
49.8%
DANNY ELK RAGDaniel Craig
48.3%
MORE THIS TOO HURTMartha Stewart
47.4%
JONES TO HURTJon Stewart
43.1%
CHAIR EASE IN FIELDJerry Seinfeld
37.5%
MARRY ACHE EERIEMariah Carey
32.6%
BELLY ACHE LIE VALLEYBlake Lively
30.1%
TIGER WOODS HAND DALLAS GREEN :)Tiger Woods and Dallas Green
24.5%
CANOEISTKanye West
23.7%

You're not logged in!

Compare scores with friends on all Sporcle quizzes.
OR
Log In

You Might Also Like...

Show Comments

Extras

Created Nov 22, 2009SourceReportNominate
Tags:Celebrity Quiz, gab, mad

Top Quizzes Today


Score Distribution

Your Account Isn't Verified!

In order to create a playlist on Sporcle, you need to verify the email address you used during registration. Go to your Sporcle Settings to finish the process.

Report this User

Report this user for behavior that violates our Community Guidelines.

Details: